LEADER 01121nam a2200265 i 4500 001 000000049666 003 CaOOAMICUS 005 20120529000000.0 008 120529s1977 it u000 u ita u 013 $a20837 040 $aSeMil$bita 100 1 $aVisca, Danila.$0(OLS)http://semarc/name/24601 245 13$aIl sesso infecondo :$bcontraccezione, aborto e infanticidio nelle socità tradizionali /$cDanila Visca. 260 $aRoma :$bBulzoni,$ccopyr. 1977. 300 $a170 p. ;$c21 cm. 490 0 $aChi siamo ;$v6 500 $aContiene : Bibliografia. 650 4$aInfanticidio.$0(OLS)http://semarc/subject/10314 650 4$aAborto.$0(OLS)http://semarc/subject/5781 650 4$aContraccezione.$0(OLS)http://semarc/subject/10198 830 0$aChi siamo ;$v6.$0(OLS)http://semarc/title/30664 850 $aSeMil 852 $aSeMil$W1$xVenegono$y1$m2E II 234$j15821$B15821$CSeMilBibl$Z2$F15821 $81 996 $6245$aIl sesso infecondo :$bcontraccezione, aborto e infanticidio nelle socità tradizionali$9(OLS)http://semarc/title/75630 996 $6260$aRoma :$bBulzoni$9(OLS)http://semarc/publisher/30302 LEADER 01079nam a2200229 i 4500 001 000000208027 003 CaOOAMICUS 005 20111110000000.0 008 111110s1931 it u000 u ita u 013 $a186810 040 $aSeMil$bita 100 1 $aDe Bono, Emilio.$0(OLS)http://semarc/name/74674 245 10$aNell'esercito nostro prima della guerra /$cgenerale Emilio De Bono. 260 $aMilano :$bMondadori,$ccopyr. 1931. 300 $a397 p. ;$c23 cm. 490 0 $aCollezione italiana di diari, memorie, studi e documenti per servire alla storia della guerra del mondo 650 4$aEsercito italiano - Storia.$0(OLS)http://semarc/subject/37002 830 0$aCollezione italiana di diari, memorie, studi e documenti per servire alla storia della guerra del mondo.$0(OLS)http://semarc/title/34286 850 $aSeMil 852 $aSeMil$W1$xVenegono$y1$m3U V 130$j158485$B158485$CSeMilBibl$Z2$F169645 $81 996 $6245$aNell'esercito nostro prima della guerra$9(OLS)http://semarc/title/300808 996 $6260$aMilano :$bMondadori$9(OLS)http://semarc/publisher/30335